00492 2200169 4500001002100000008004100021035002000062245005600082100002500138260003300163300001300196020002200209084001500231082000800246650005000254990001800304INLIS000000000000460 ind  a0010-0724000460 aSari Sejarah Filsafat Barat 2cDr. Harun Hadiwijono aDr. Harun Hadiwijono aYogyakarta :bKanisiusc1980 a186 hlm. a978-979-413-060-5 a109. HAR s a109 aSejarah Filsafat Tanpa Batas Waktu dan Tempat aP29/CP/24/460